W Answers Quiz #2 - Statistics

General Stats
  • This quiz has been taken 33,310 times
  • The average score is 14 of 22
Answer Stats
Clue Answer % Correct
Place for competitive tennis in London Wimbledon
94%
Napoleon's last battle Waterloo
88%
Scandal that brought down Nixon Watergate
87%
State that is home to Yellowstone Park Wyoming
85%
Chinese cooking vessel Wok
83%
Most common family name in China Wang
81%
Capital of New Zealand Wellington
81%
1969 hippie festival Woodstock
80%
To strike an arcade mole Whack
74%
¿Dónde? Where
73%
Word before house, bread, or dwarf White
66%
Piece of equipment in cricket or croquet Wicket
63%
Daughter of burger man Dave Thomas Wendy
59%
Brand of push-up bras Wonderbra
55%
Lawman Earp Wyatt
54%
Witchcraft religion invented in 1954 Wicca
51%
Cetacean Whale
38%
____ of habeas corpus Writ
38%
French-speaking part of Belgium Wallonia
36%
Thoreau's pond Walden
31%
Band that sang about destroying a sweater Weezer
25%
Puritanical version of Islam practiced in Saudi Arabia Wahhabi
23%
No matching quizzes found
Score Distribution
Percent of People with Each Score
Percentile by Number Answered
Your Score History
You have not taken this quiz